Statistiken für Deutsche Fußball-Nationalmannschaft Frauen: Einsätze 100+

Klicken Sie hier um das Quiz zu spielen!

Allgemein

  • Dieses Quiz wurde 112 mal gespielt
  • Das Durchschnittsergebnis liegt bei 6 aus 27

Antwortstatistiken

SpieleNameErstes Länderspiel% Korrekt
127Alexandra Popp17. Feb. 2010 (Nordkorea)
94%
214Birgit Prinz27. Juli 1994 (Kanada)
77%
146Nadine Angerer27. Aug. 1996 (Niederlande)
52%
125Martina Voss3. Okt. 1984 (Finnland)
34%
Silvia Neid10. Nov. 1982 (Schweiz)
33%
158Anja Mittag31. März 2004 (Italien)
28%
112Dzsenifer Marozsán28. Okt. 2010 (Australien)
24%
130Kerstin Garefrekes17. Nov. 2001 (Niederlande)
23%
103Simone Laudehr29. Juli 2007 (Dänemark)
23%
111Steffi Jones3. Juli 1993 (Dänemark)
22%
Célia Šašić28. Jan. 2005 (Australien)
20%
Martina Müller22. Juli 2000 (USA)
20%
123Melanie Behringer28. Jan. 2005 (Australien)
19%
118Babett Peter9. März 2006 (Finnland)
18%
149Renate Lingor25. Okt. 1995 (Slowakei)
17%
126Silke Rottenberg7. Apr. 1993 (USA)
16%
137Annike Krahn28. Jan. 2005 (Australien)
14%
174Ariane Hingst27. Aug. 1996 (Niederlande)
14%
104Heidi Mohr19. Mai 1986 (Norwegen)
13%
191Kerstin Stegemann13. Apr. 1995 (Polen)
13%
154Bettina Wiegmann1. Okt. 1989 (Ungarn)
10%
106Lena Goeßling28. Feb. 2008 (China)
10%
144Doris Fitschen4. Okt. 1986 (Dänemark)
9%
147Sandra Minnert28. Mai 1992 (Jugoslawien)
8%
134Sandra Smisek13. Apr. 1995 (Polen)
8%
101Saskia Bartusiak12. Apr. 2007 (Niederlande)
8%
102Pia Wunderlich7. Dez. 1993 (Russland)
5%

Verteilung der Resultate

Perzentil nach korrekt beantworteten Fragen

Anzahl Personen mit jedem Resultat

Ihre Resultats-Entwicklung

Sie haben dieses Quiz noch nicht gespielt